000 nam a22 7a 4500
999 _c127268
_d127268
008 171128b xxu||||| |||| 00| 0 eng d
050 _aBS500.H42 2004
245 _aHebrew bible
_bHistory of interpreation
_cEdited by John H. Hayes
260 _aNashville
_bAbingdon Press
_c2004
300 _axxiv, 366p. ;
_c23cm.
650 _aBible
_xCriticism
_xHistory
_925214
650 _aBible
_xHermeneutics
_91059
700 _aHayes, John J.
_eed.
_937747
700 _aHarrelson, Walter
_eforeword.
_937748
942 _2lcc
_cMONOGRAPH